Teórie inflácie
Rôzne prístupy na vysvetlenie inflácie, vysvetlenia rôznych teoretických smerov. Prístupy dvoch teoretických koncepcií: Keynesovo chápanie inflácie. Monetaristické názory na infláciu.
Saved in:
| Main Author: | |
|---|---|
| Format: | Book Chapter |
| Language: | Slovak |
| Subjects: | |
| Tags: |
No Tags, Be the first to tag this record!
|
MARC
| LEADER | 00000naa a2200000 4500 | ||
|---|---|---|---|
| 001 | r044888 | ||
| 005 | 20231004075519.0 | ||
| 041 | 0 | |a slo | |
| 044 | |a CZ | ||
| 245 | 1 | 0 | |a Teórie inflácie |c Judita Táncošová |
| 520 | |a Rôzne prístupy na vysvetlenie inflácie, vysvetlenia rôznych teoretických smerov. Prístupy dvoch teoretických koncepcií: Keynesovo chápanie inflácie. Monetaristické názory na infláciu. | ||
| 610 | 2 | 0 | |a inflácia |
| 610 | 2 | 0 | |a teórie ekonomické |
| 610 | 2 | 0 | |a koncepcie |
| 610 | 2 | 0 | |a keynesizmus |
| 610 | 2 | 0 | |a monetarizmus |
| 610 | 2 | 0 | |a Keynes, J.M. |
| 610 | 2 | 0 | |a Friedman, M. |
| 610 | 2 | 0 | |a teória inflácie |
| 100 | 1 | |a Táncošová, Judita | |